| 000 | 00758nam a2200241 i 4500 | ||
|---|---|---|---|
| 001 | 34045 | ||
| 003 | ES-MaACL | ||
| 005 | 20231114123436.0 | ||
| 007 | t| | ||
| 008 | 150216s2014 bl a ||||1| por d | ||
| 020 | _a978-85-89269-69-8 | ||
| 080 | _a821.134.3(81)-34"19" | ||
| 100 | 1 |
_aLeal, Andreia Donadon. _9156378 |
|
| 245 | 1 | 3 |
_aOs quatro meninos _b: contos / _cAndreia Donandon Leal ; ilustraçoes Mário DonLeal. |
| 250 | _a1ª ed. | ||
| 260 |
_aMariana : _bAldrava Letras e Artes, _c2014. |
||
| 300 |
_a50 p. : _bil. ; _c22 cm. |
||
| 650 | 4 |
_aCuentos brasileños. _9156376 |
|
| 700 | 1 |
_aDonLeal, Mário. _9156334 |
|
| 852 |
_aES-MaACL _jA-13369 _9 35302 _bR.150128 _cDEPO1 _dOlim: N-6369 |
||
| 942 |
_2udc _cMONOGRAFIA |
||
| 999 |
_c34045 _d34045 |
||